[Event "Targo Mures Open 2019"]
[Site "Targo Mures"]
[Date "2019.10.19"]
[Round "4.12"]
[White "Duma, Ioan-Gheorghe"]
[Black "Rusan, Paul-Cristian"]
[Result "1/2-1/2"]
[WhiteElo "1834"]
[BlackElo "2105"]
[Annotator "TA"]
[PlyCount "105"]
[EventDate "2019.03.02"]
[EventType "swiss"]
[EventCountry "ROU"]
[SourceTitle "playchess.com"]
[Source "ChessBase"]
[SourceQuality "1"]

{[%evp 10,105,35,16,40,8,6,-44,-56,-41,-37,-32,-22,-64,-64,-64,-63,-145,-136,-191,-112,-111,-115,-124,-124,-147,-144,-176,-164,-291,-234,-239,-228,-233,-149,-334,-334,-317,-328,-306,-164,-178,-161,-167,-157,-181,-153,-160,-87,-139,-35,-79,-79,-79,-85,-84,-84,-86,-97,-108,-90,-84,-85,-106,-106,-109,-102,-113,-52,-47,-49,-69,-50,-45,-33,-32,0,0,0,0,0,0,0,0,0,0,0,0,0,0,0,0,0,0,0,0,0,0]} 1. d4 d6 2. Nf3 g6 3. e4 Bg7 4. Bd3 Nf6 5. h3 O-O 6. Be3 Nc6 {B07: Pirc Defence: Miscellaneous Systems} 7. Qd2 e5 8. c3 d5 {Black is slightly better.} 9. Nxe5 Nxe4 $146 ({Predecessor:} 9... Nxe5 10. dxe5 Nxe4 11. Bxe4 dxe4 12. Qxd8 Rxd8 13. Nd2 Bf5 14. f4 exf3 15. Nxf3 Re8 {0-1 (41) Large,L (2245)-Nikcevic,N (2505) Paris 1998}) 10. Nxc6 bxc6 11. Qc2 f5 $1 12. g3 Qe7 {...Nxg3! is the strong threat.} 13. Qe2 (13. Bxe4 $1 $15 fxe4 14. Nd2) 13... Re8 $36 {[%mdl 2048] Threatens to win with ...Nxg3! Black is really pushing.} 14. Qf3 (14. Bxe4 $17 Qxe4 15. O-O) 14... a5 ({Better is} 14... Rb8 $19 15. b3 Ng5) 15. O-O Rb8 16. b3 c5 17. Rd1 cxd4 18. cxd4 c5 19. Bf1 (19. Na3 $142) 19... Rb4 {[%cal Rc5d4]} 20. Na3 cxd4 21. Bd2 Rb8 22. Nb5 $2 (22. Nc2 $17) 22... Nxd2 $19 23. Rxd2 {[#]} d3 $1 {[%mdl 512]} 24. Nd4 (24. Rxd3 Bxa1) 24... Qc5 (24... Rb4 $142 25. Nc6 Qe4) 25. Qxd3 Re4 {[%cal Re4d4]} 26. Nc2 Bxa1 27. Nxa1 Be6 28. Nc2 a4 ({Black should try} 28... Bf7 29. Bg2 Re5) 29. Nd4 (29. b4 $142 Rbxb4 30. Nxb4 Rxb4 31. Qa3) 29... Rxd4 (29... axb3 $17 30. axb3 Bf7) 30. Qxd4 Qxd4 31. Rxd4 axb3 32. axb3 Rxb3 $17 {[%mdl 4096] Endgame KRB-KRB} 33. h4 Kf7 34. Bg2 Rb5 35. Bf1 Rb1 36. Kg2 Ke7 37. Be2 Kd6 38. Ra4 Rb7 (38... Bd7 $17 39. Ra6+ Bc6) 39. Ra6+ $15 Ke7 40. Bf3 Rd7 41. Rb6 d4 42. Kf1 h6 43. Ke2 {The position is equal.} Rd6 44. Rb4 Kf6 45. Kd3 Ke5 46. Bb7 g5 (46... f4 {with more complications.} 47. Rb5+ Kf6 48. gxf4 Bh3 49. Kd2 Bf1) 47. hxg5 hxg5 {[#]} 48. f4+ $1 {[%mdl 512]} gxf4 49. gxf4+ Kxf4 {Hoping for ...Ke5.} 50. Rxd4+ Rxd4+ 51. Kxd4 Kg3 52. Ke5 Bd7 {[#]} 53. Bc6 $1 {[%mdl 512] Accuracy: White = 52%, Black = 55%.} 1/2-1/2

[Event "Targo Mures Open 2019"]
[Site "Targo Mures"]
[Date "2019.10.19"]
[Round "5.1"]
[White "Manolache, Marius"]
[Black "Jianu, Vlad-Cristian"]
[Result "1/2-1/2"]
[WhiteElo "2548"]
[BlackElo "2529"]
[Annotator "ChessBase"]
[PlyCount "76"]
[EventDate "2019.03.02"]
[EventType "swiss"]
[EventCountry "ROU"]
[SourceTitle "playchess.com"]
[Source "ChessBase"]
[SourceQuality "1"]
[TimeControl "5400+30"]

1. d4 {[%emt 0:00:00]} e6 {[%emt 0:00:00]} 2. Nf3 {[%emt 0:00:30]} Nf6 {[%emt 0:00:30]} 3. g3 {[%emt 0:00:00]} d5 {[%emt 0:02:07]} 4. c4 {[%emt 0:00:59]} Be7 {[%emt 0:03:33]} 5. Bg2 {[%emt 0:00:34]} O-O {[%emt 0:00:11]} 6. O-O {[%emt 0:03:37]} dxc4 {[%emt 0:00:14]} 7. Qc2 {[%emt 0:01:28]} a6 {[%emt 0:03:30]} 8. Bg5 {[%emt 0:06:14]} b5 {[%emt 0:09:02]} 9. Bxf6 {[%emt 0:00:38]} Bxf6 {[%emt 0:00:05]} 10. Rd1 {[%emt 0:00:15]} Bb7 {[%emt 0:11:01]} 11. Ng5 {[%emt 0:11:11]} Bxg5 {[%emt 0:00:04]} 12. Bxb7 {[%emt 0:00:06]} Ra7 {[%emt 0:00:04]} 13. Be4 {[%emt 0:00:11]} f5 {[%emt 0:08:37]} 14. Bg2 {[%emt 0:00:45]} c6 {[%emt 0:00:43]} 15. e3 {[%emt 0:02:02]} Rd7 {[%emt 0:07:22]} 16. Nd2 {[%emt 0:00:54]} Bf6 {[%emt 0:02:09]} 17. Nf3 {[%emt 0:01:15]} Qc7 {[%emt 0:09:18]} 18. b3 {[%emt 0:04:37]} c5 {[%emt 0:02:47]} 19. bxc4 {[%emt 0:01:02]} cxd4 {[%emt 0:00:04]} 20. Nxd4 {[%emt 0:01:46]} Qxc4 {[%emt 0:05:06]} 21. Qxc4 {[%emt 0:01:38]} bxc4 {[%emt 0:00:03]} 22. Rac1 {[%emt 0:02:48]} Rfd8 {[%emt 0:05:10]} 23. Re1 {[%emt 0:00:22]} Bxd4 {[%emt 0:01:28]} 24. exd4 {[%emt 0:00:05]} Kf7 {[%emt 0:00:15]} 25. Rxc4 {[%emt 0:02:20]} Rxd4 {[%emt 0:00:15]} 26. Rc7+ {[%emt 0:06:16]} R4d7 {[%emt 0:11:38]} 27. Rcc1 {[%emt 0:00:13]} Rd6 {[%emt 0:03:46]} 28. Rc7+ {[%emt 0:00:29]} Kf6 {[%emt 0:01:00]} 29. Ra7 {[%emt 0:08:06]} R8d7 {[%emt 0:02:01]} 30. Ra8 {[%emt 0:00:33]} Rb6 {[%emt 0:00:08]} 31. Bf1 {[%emt 0:01:44]} Rc7 {[%emt 0:07:56]} 32. a4 {[%emt 0:09:35]} Rb4 {[%emt 0:01:46]} 33. a5 {[%emt 0:00:39]} Rc5 {[%emt 0:02:04]} 34. Bxa6 {[%emt 0:05:28]} Rxa5 {[%emt 0:00:43]} 35. Rxe6+ {[%emt 0:00:30]} Kxe6 {[%emt 0:00:29]} 36. Bc8+ {[%emt 0:00:05]} Kf6 {[%emt 0:00:01]} 37. Rxa5 {[%emt 0:00:05]} g6 {[%emt 0:00:01]} 38. Rd5 {[%emt 0:03:40]} Rb6 {[%emt 0:00:55]} 1/2-1/2

[Event "Targo Mures Open 2019"]
[Site "Targo Mures"]
[Date "2019.10.19"]
[Round "5.2"]
[White "Banzea, Alexandru-Bogdan"]
[Black "Istratescu, Andrei"]
[Result "0-1"]
[WhiteElo "2389"]
[BlackElo "2564"]
[Annotator "ChessBase"]
[PlyCount "62"]
[EventDate "2019.03.02"]
[EventType "swiss"]
[EventCountry "ROU"]
[SourceTitle "playchess.com"]
[Source "ChessBase"]
[SourceQuality "1"]
[TimeControl "5400+30"]

1. e4 {[%emt 0:00:00]} c5 {[%emt 0:02:35]} 2. Nf3 {[%emt 0:00:00]} d6 {[%emt 0:00:07]} 3. Bb5+ {[%emt 0:01:05]} Nd7 {[%emt 0:01:00]} 4. c3 {[%emt 0:01:15]} Ngf6 {[%emt 0:01:14]} 5. Bd3 {[%emt 0:00:38]} b6 {[%emt 0:14:46]} 6. Bc2 {[%emt 0:02:31]} Bb7 {[%emt 0:04:21]} 7. Qe2 {[%emt 0:00:34]} Rc8 {[%emt 0:01:59]} 8. O-O {[%emt 0:12:16]} Qc7 {[%emt 0:00:21]} 9. d4 {[%emt 0:12:57]} cxd4 {[%emt 0:01:22]} 10. Nxd4 {[%emt 0:00:16]} a6 {[%emt 0:03:00]} 11. Nd2 {[%emt 0:05:11]} g6 {[%emt 0:02:32]} 12. f4 {[%emt 0:09:41]} Bg7 {[%emt 0:03:28]} 13. N2f3 {[%emt 0:01:58]} e5 {[%emt 0:00:29]} 14. Nb3 {[%emt 0:01:29]} O-O {[%emt 0:01:10]} 15. f5 {[%emt 0:07:35]} b5 {[%emt 0:05:41]} 16. fxg6 {[%emt 0:00:39]} hxg6 {[%emt 0:00:05]} 17. Ng5 {[%emt 0:04:02]} b4 {[%emt 0:00:52]} 18. Bd3 {[%emt 0:01:51]} bxc3 {[%emt 0:02:32]} 19. bxc3 {[%emt 0:00:37]} a5 {[%emt 0:01:00]} 20. Be3 {[%emt 0:04:11]} d5 {[%emt 0:16:25]} 21. exd5 {[%emt 0:06:27]} Nxd5 {[%emt 0:00:25]} 22. Qg4 {[%emt 0:05:11]} N7f6 {[%emt 0:03:00]} 23. Qh4 {[%emt 0:02:05]} Qxc3 {[%emt 0:01:29]} 24. Rad1 {[%emt 0:01:49]} a4 {[%emt 0:04:48]} 25. Nc1 {[%emt 0:06:43]} Nh5 {[%emt 0:06:42]} 26. Ne2 {[%emt 0:07:59]} Qb4 {[%emt 0:04:36]} 27. Qh3 {[%emt 0:00:05]} Nxe3 {[%emt 0:00:39]} 28. Bxg6 {[%emt 0:03:25]} Nxd1 {[%emt 0:07:32]} 29. Bh7+ {[%emt 0:01:12]} Kh8 {[%emt 0:00:00]} 30. Qxh5 {[%emt 0:00:18]} Qb6+ {[%emt 0:00:05]} 31. Kh1 {[%emt 0:00:10]} Qh6 {[%emt 0:00:29]} 0-1

[Event "Targo Mures Open 2019"]
[Site "Targo Mures"]
[Date "2019.10.19"]
[Round "5.3"]
[White "Anton, Teodor"]
[Black "Stegariu, Alexandru"]
[Result "1-0"]
[WhiteElo "2445"]
[BlackElo "2146"]
[Annotator "NA"]
[PlyCount "83"]
[EventDate "2019.03.02"]
[EventType "swiss"]
[EventCountry "ROU"]
[SourceTitle "playchess.com"]
[Source "ChessBase"]
[SourceQuality "1"]
[TimeControl "5400+30"]

1. Nf3 {[%emt 0:00:49]} c5 {[%emt 0:01:25]} 2. c4 {[%emt 0:00:17]} Nc6 {[%emt 0:00:05]} 3. g3 {[%emt 0:01:19]} e5 {[%emt 0:00:32]} 4. Nc3 {[%emt 0:00:20]} g6 {[%emt 0:00:28]} 5. Bg2 {[%emt 0:00:10]} Bg7 {[%emt 0:00:09]} 6. O-O {[%emt 0:00:39]} Nge7 {[%emt 0:00:33]} 7. Ne1 {[%emt 0:00:51]} O-O {[%emt 0:02:50]} 8. Nc2 {[%emt 0:00:04]} d6 {[%emt 0:00:06]} 9. Ne3 {[%emt 0:00:05]} Be6 {[%emt 0:00:10]} 10. Ned5 {[%emt 0:00:22]} Qd7 {[%emt 0:01:29]} 11. Re1 {[%emt 0:00:14]} Bh3 {[%emt 0:02:18]} 12. Bh1 {[%emt 0:00:08]} f5 {[%emt 0:03:00]} 13. d3 {[%emt 0:00:12]} f4 {[%emt 0:01:24]} 14. a3 {[%emt 0:00:56]} Rab8 {[%emt 0:09:54]} 15. Rb1 {[%emt 0:00:27]} Nxd5 {[%emt 0:07:56]} 16. Bxd5+ {[%emt 0:05:43]} Kh8 {[%emt 0:06:36]} 17. Bg2 {[%emt 0:01:02]} Nd4 {[%emt 0:01:35]} 18. f3 {[%emt 0:18:24]} Be6 {[%emt 0:05:13]} 19. e3 {[%emt 0:01:26]} fxe3 20. Bxe3 {[%emt 0:00:06]} a6 {[%emt 0:07:36]} 21. b4 {[%emt 0:02:35]} b5 {[%emt 0:01:38]} 22. cxb5 {[%emt 0:02:51]} cxb4 {[%emt 0:03:05]} 23. axb4 {[%emt 0:03:29]} Nxb5 {[%emt 0:01:14]} 24. Ne4 {[%emt 0:00:20]} Rfc8 {[%emt 0:02:24]} 25. Qd2 {[%emt 0:01:25]} Bd5 {[%emt 0:04:43]} 26. Ra1 {[%emt 0:01:39]} Rc6 {[%emt 0:01:48]} 27. Rec1 {[%emt 0:05:48]} Rbc8 {[%emt 0:01:16]} 28. Rxc6 {[%emt 0:00:23]} Rxc6 {[%emt 0:00:23]} 29. Rc1 {[%emt 0:00:30]} Rxc1+ {[%emt 0:05:15]} 30. Qxc1 {[%emt 0:00:10]} Qc6 {[%emt 0:00:04]} 31. Bh3 {[%emt 0:03:02]} Qxc1+ {[%emt 0:08:19]} 32. Bxc1 {[%emt 0:00:12]} Bxe4 {[%emt 0:01:02]} 33. dxe4 {[%emt 0:00:57]} d5 {[%emt 0:00:03]} 34. exd5 {[%emt 0:03:27]} Nc3 {[%emt 0:00:07]} 35. Bd2 {[%emt 0:00:36]} Nxd5 {[%emt 0:00:20]} 36. Be6 {[%emt 0:00:11]} Nc7 {[%emt 0:01:42]} 37. Bc4 {[%emt 0:00:31]} Bf6 {[%emt 0:01:32]} 38. Kf2 {[%emt 0:03:15]} Kg7 {[%emt 0:00:19]} 39. Ke2 {[%emt 0:01:29]} Nb5 {[%emt 0:06:45]} 40. Kd3 {[%emt 0:01:36]} Be7 {[%emt 0:02:01]} 41. Bxb5 {[%emt 0:01:17]} axb5 {[%emt 0:00:12]} 42. Ke4 {[%emt 0:00:05]} 1-0

[Event "Targo Mures Open 2019"]
[Site "Targo Mures"]
[Date "2019.10.19"]
[Round "5.4"]
[White "Manea, Alexandru"]
[Black "Filip, Lucian-Ioan"]
[Result "1/2-1/2"]
[WhiteElo "2305"]
[BlackElo "2418"]
[Annotator "NA"]
[PlyCount "33"]
[EventDate "2019.03.02"]
[EventType "swiss"]
[EventCountry "ROU"]
[SourceTitle "playchess.com"]
[Source "ChessBase"]
[SourceQuality "1"]
[TimeControl "5400+30"]

1. e4 {[%emt 0:08:11]} c5 {[%emt 0:06:29]} 2. Nf3 {[%emt 0:00:10]} Nc6 {[%emt 0:00:03]} 3. Nc3 {[%emt 0:00:08]} e5 {[%emt 0:02:16]} 4. Bc4 {[%emt 0:00:08]} Be7 {[%emt 0:00:09]} 5. d3 {[%emt 0:00:05]} d6 {[%emt 0:00:52]} 6. Nd2 {[%emt 0:00:06]} Nf6 {[%emt 0:00:02]} 7. Nf1 {[%emt 0:00:06]} Bg4 {[%emt 0:00:10]} 8. f3 {[%emt 0:00:08]} Be6 {[%emt 0:00:10]} 9. Ne3 O-O 10. Bd2 Nd7 11. Ncd5 Nb6 12. Nxe7+ Nxe7 13. O-O d5 14. exd5 Nexd5 15. Nxd5 Bxd5 16. Bxd5 Nxd5 17. Re1 1/2-1/2

[Event "Targo Mures Open 2019"]
[Site "Targo Mures"]
[Date "2019.10.19"]
[Round "5.5"]
[White "Soltanici, Ruslan"]
[Black "Ognean, Mihnea-Ionut"]
[Result "0-1"]
[WhiteElo "2416"]
[BlackElo "2285"]
[Annotator "NA"]
[PlyCount "80"]
[EventDate "2019.03.02"]
[EventType "swiss"]
[EventCountry "ROU"]
[SourceTitle "playchess.com"]
[Source "ChessBase"]
[SourceQuality "1"]
[TimeControl "5400+30"]

1. e4 {[%emt 0:00:00]} c5 {[%emt 0:00:00]} 2. Nf3 {[%emt 0:00:00]} Nc6 {[%emt 0:00:00]} 3. Bb5 {[%emt 0:00:22]} g6 {[%emt 0:00:02]} 4. O-O {[%emt 0:00:48]} Bg7 {[%emt 0:00:11]} 5. Re1 {[%emt 0:00:36]} e5 {[%emt 0:01:59]} 6. a3 {[%emt 0:01:43]} Nge7 {[%emt 0:00:33]} 7. b4 {[%emt 0:00:36]} d6 {[%emt 0:00:08]} 8. c3 {[%emt 0:02:39]} O-O {[%emt 0:00:43]} 9. d3 {[%emt 0:00:25]} h6 {[%emt 0:04:22]} 10. Nbd2 {[%emt 0:12:52]} b6 {[%emt 0:08:53]} 11. Bb2 {[%emt 0:10:13]} f5 {[%emt 0:07:18]} 12. Nf1 {[%emt 0:38:48]} Kh7 {[%emt 0:06:30]} 13. h3 {[%emt 0:01:45]} a6 {[%emt 0:07:14]} 14. Ba4 {[%emt 0:09:30]} Ra7 {[%emt 0:00:22]} 15. Ne3 {[%emt 0:02:02]} Rc7 {[%emt 0:09:59]} 16. Bb3 {[%emt 0:06:08]} g5 {[%emt 0:13:27]} 17. exf5 {[%emt 0:01:00]} Nxf5 {[%emt 0:04:29]} 18. Nxf5 {[%emt 0:04:51]} Bxf5 {[%emt 0:00:16]} 19. Bd5 {[%emt 0:00:05]} Ne7 {[%emt 0:02:20]} 20. Be4 {[%emt 0:00:10]} Ng6 {[%emt 0:07:40]} 21. bxc5 {[%emt 0:02:39]} dxc5 {[%emt 0:06:34]} 22. Qa4 {[%emt 0:02:04]} c4 {[%emt 0:00:46]} 23. Rad1 {[%emt 0:00:33]} Bxe4 {[%emt 0:00:22]} 24. dxe4 {[%emt 0:00:24]} Qc8 {[%emt 0:00:08]} 25. Nh2 {[%emt 0:00:53]} b5 {[%emt 0:00:28]} 26. Qc2 {[%emt 0:00:32]} Nf4 {[%emt 0:00:12]} 27. a4 {[%emt 0:00:51]} Rcf7 {[%emt 0:00:40]} 28. Ba3 {[%emt 0:00:19]} Rd8 {[%emt 0:03:02]} 29. Ng4 {[%emt 0:00:45]} Rd3 {[%emt 0:02:53]} 30. axb5 {[%emt 0:00:29]} axb5 {[%emt 0:00:10]} 31. Ne3 {[%emt 0:00:44]} Qa8 {[%emt 0:00:19]} 32. Bc1 {[%emt 0:00:42]} Qxe4 {[%emt 0:00:08]} 33. f3 {[%emt 0:00:13]} Qg6 {[%emt 0:00:48]} 34. Ng4 {[%emt 0:00:39]} Rfd7 {[%emt 0:00:53]} 35. Rxd3 {[%emt 0:00:38]} cxd3 {[%emt 0:00:05]} 36. Qd2 {[%emt 0:00:28]} Ne2+ {[%emt 0:02:34]} 37. Kf2 {[%emt 0:00:29]} Rf7 {[%emt 0:00:53]} 38. Qe3 {[%emt 0:00:09]} e4 {[%emt 0:00:16]} 39. Bd2 {[%emt 0:00:35]} h5 {[%emt 0:00:29]} 40. Nh2 {[%emt 0:00:34]} Be5 {[%emt 0:00:13]} 0-1

[Event "Targo Mures Open 2019"]
[Site "Targo Mures"]
[Date "2019.10.19"]
[Round "5.6"]
[White "Vladescu, Alin-Cristian"]
[Black "Vasiesiu, Dan"]
[Result "1/2-1/2"]
[WhiteElo "2004"]
[BlackElo "2392"]
[Annotator "NA"]
[PlyCount "95"]
[EventDate "2019.03.02"]
[EventType "swiss"]
[EventCountry "ROU"]
[SourceTitle "playchess.com"]
[Source "ChessBase"]
[SourceQuality "1"]
[TimeControl "5400+30"]

1. d4 {[%emt 0:00:00]} Nf6 {[%emt 0:00:00]} 2. Nf3 {[%emt 0:00:00]} g6 {[%emt 0:00:00]} 3. Bf4 {[%emt 0:00:00]} Bg7 {[%emt 0:00:21]} 4. e3 {[%emt 0:00:07]} d6 {[%emt 0:01:09]} 5. h3 {[%emt 0:05:22]} O-O {[%emt 0:00:32]} 6. Nbd2 {[%emt 0:00:21]} b6 {[%emt 0:00:38]} 7. c3 {[%emt 0:00:56]} Bb7 {[%emt 0:00:23]} 8. Bc4 {[%emt 0:00:31]} Nbd7 {[%emt 0:01:52]} 9. O-O {[%emt 0:00:37]} e6 {[%emt 0:01:17]} 10. a4 {[%emt 0:01:16]} a5 {[%emt 0:03:16]} 11. Re1 {[%emt 0:03:28]} Qe7 {[%emt 0:05:22]} 12. e4 {[%emt 0:10:19]} e5 {[%emt 0:01:23]} 13. dxe5 {[%emt 0:07:40]} dxe5 {[%emt 0:04:41]} 14. Bg5 {[%emt 0:04:31]} Rad8 {[%emt 0:01:16]} 15. Qc2 {[%emt 0:01:48]} h6 {[%emt 0:29:48]} 16. Bxf6 {[%emt 0:02:03]} Qxf6 {[%emt 0:01:41]} 17. b4 {[%emt 0:13:55]} Ra8 {[%emt 0:09:00]} 18. g3 {[%emt 0:17:47]} Rfd8 {[%emt 0:06:43]} 19. Kg2 {[%emt 0:05:19]} Bf8 {[%emt 0:02:04]} 20. Qb3 {[%emt 0:04:48]} Bd6 {[%emt 0:02:05]} 21. Bd3 {[%emt 0:03:29]} Bf8 {[%emt 0:02:48]} 22. Bc2 {[%emt 0:00:55]} axb4 {[%emt 0:05:22]} 23. cxb4 {[%emt 0:00:18]} Nb8 {[%emt 0:00:15]} 24. a5 {[%emt 0:04:46]} Nc6 {[%emt 0:01:19]} 25. axb6 {[%emt 0:07:29]} cxb6 {[%emt 0:00:21]} 26. Rxa8 {[%emt 0:00:40]} Bxa8 {[%emt 0:01:07]} 27. b5 {[%emt 0:02:01]} Nd4 {[%emt 0:05:33]} 28. Nxd4 {[%emt 0:00:33]} exd4 {[%emt 0:03:04]} 29. Bd1 {[%emt 0:02:04]} Qe7 {[%emt 0:03:08]} 30. Bf3 {[%emt 0:00:41]} Rc8 {[%emt 0:01:21]} 31. Qd3 {[%emt 0:01:01]} Qb4 {[%emt 0:04:16]} 32. Rb1 {[%emt 0:00:39]} Rc3 {[%emt 0:01:01]} 33. Rxb4 {[%emt 0:00:24]} Rxd3 {[%emt 0:00:02]} 34. Rb2 {[%emt 0:00:21]} Bb7 {[%emt 0:00:40]} 35. Nc4 {[%emt 0:00:45]} Bc5 {[%emt 0:00:22]} 36. Ne5 {[%emt 0:00:22]} Ra3 {[%emt 0:00:40]} 37. Nc6 {[%emt 0:00:26]} Bc8 {[%emt 0:00:41]} 38. Rd2 {[%emt 0:00:40]} Ra4 {[%emt 0:00:43]} 39. g4 {[%emt 0:00:30]} Be6 {[%emt 0:00:13]} 40. Be2 {[%emt 0:00:30]} g5 {[%emt 0:00:26]} 41. Nd8 {[%emt 0:00:29]} Kg7 {[%emt 0:01:08]} 42. Nxe6+ {[%emt 0:00:12]} fxe6 {[%emt 0:00:01]} 43. e5 {[%emt 0:00:39]} Kf7 {[%emt 0:01:07]} 44. Bd3 {[%emt 0:00:12]} Ra3 {[%emt 0:00:33]} 45. Kf3 {[%emt 0:00:45]} Ke7 {[%emt 0:00:22]} 46. Rd1 {[%emt 0:00:32]} Ra2 {[%emt 0:00:35]} 47. Rf1 {[%emt 0:00:44]} Ra8 48. Ke4 1/2-1/2

[Event "Targo Mures Open 2019"]
[Site "Targo Mures"]
[Date "2019.10.19"]
[Round "5.7"]
[White "Maier, Marius-Alin"]
[Black "Petre, Nad-Titus"]
[Result "0-1"]
[WhiteElo "1939"]
[BlackElo "2306"]
[Annotator "NA"]
[PlyCount "58"]
[EventDate "2019.03.02"]
[EventType "swiss"]
[EventCountry "ROU"]
[SourceTitle "playchess.com"]
[Source "ChessBase"]
[SourceQuality "1"]
[TimeControl "5400+30"]

1. e4 {[%emt 0:04:10]} c5 {[%emt 0:01:23]} 2. Nf3 {[%emt 0:00:06]} e6 {[%emt 0:00:17]} 3. d4 {[%emt 0:00:04]} cxd4 {[%emt 0:00:14]} 4. Nxd4 {[%emt 0:00:07]} a6 {[%emt 0:00:06]} 5. g3 {[%emt 0:00:50]} Nc6 {[%emt 0:07:14]} 6. Bg2 {[%emt 0:02:36]} Nf6 {[%emt 0:02:19]} 7. O-O {[%emt 0:00:43]} Qc7 {[%emt 0:00:38]} 8. Re1 {[%emt 0:07:33]} d6 {[%emt 0:12:19]} 9. Nc3 {[%emt 0:03:25]} Be7 {[%emt 0:00:27]} 10. Nxc6 {[%emt 0:07:03]} bxc6 {[%emt 0:00:07]} 11. e5 {[%emt 0:03:15]} dxe5 {[%emt 0:01:05]} 12. Rxe5 {[%emt 0:01:25]} O-O {[%emt 0:01:17]} 13. Qe1 {[%emt 0:05:14]} Bb7 {[%emt 0:06:24]} 14. Na4 {[%emt 0:06:40]} Nd7 {[%emt 0:17:41]} 15. Rh5 {[%emt 0:10:19]} c5 {[%emt 0:10:05]} 16. Bf4 {[%emt 0:11:29]} Qc8 {[%emt 0:00:09]} 17. Bxb7 {[%emt 0:02:06]} Qxb7 {[%emt 0:00:17]} 18. Rd1 {[%emt 0:02:07]} g6 {[%emt 0:10:32]} 19. Rh3 {[%emt 0:04:44]} Rfd8 {[%emt 0:05:17]} 20. b3 {[%emt 0:12:28]} Nf6 {[%emt 0:01:12]} 21. g4 {[%emt 0:04:08]} Nxg4 {[%emt 0:05:31]} 22. Rhd3 {[%emt 0:01:07]} Rxd3 {[%emt 0:02:54]} 23. Rxd3 {[%emt 0:00:27]} c4 {[%emt 0:01:33]} 24. Rd2 {[%emt 0:03:52]} Qf3 {[%emt 0:02:08]} 25. Bg3 {[%emt 0:00:49]} Bg5 {[%emt 0:03:39]} 26. Rd4 {[%emt 0:02:28]} Ne3 {[%emt 0:02:02]} 27. fxe3 {[%emt 0:01:46]} Bxe3+ {[%emt 0:00:11]} 28. Bf2 {[%emt 0:00:40]} Bxd4 {[%emt 0:00:06]} 29. Nb6 {[%emt 0:01:29]} Rd8 {[%emt 0:01:03]} 0-1

[Event "Targo Mures Open 2019"]
[Site "Targo Mures"]
[Date "2019.10.19"]
[Round "5.8"]
[White "Daianu, Cristian-Clement"]
[Black "Bilescu, Lucian-Wolfgang"]
[Result "1-0"]
[WhiteElo "2206"]
[BlackElo "1856"]
[Annotator "NA"]
[PlyCount "61"]
[EventDate "2019.03.02"]
[EventType "swiss"]
[EventCountry "ROU"]
[SourceTitle "playchess.com"]
[Source "ChessBase"]
[SourceQuality "1"]
[TimeControl "5400+30"]

1. e4 {[%emt 0:00:00]} e6 {[%emt 0:00:00]} 2. d4 {[%emt 0:00:00]} d5 {[%emt 0:00:00]} 3. Nd2 {[%emt 0:00:00]} Nf6 {[%emt 0:00:06]} 4. e5 {[%emt 0:00:00]} Nfd7 {[%emt 0:00:16]} 5. Bd3 {[%emt 0:00:03]} c5 {[%emt 0:00:10]} 6. c3 {[%emt 0:00:05]} Nc6 {[%emt 0:00:03]} 7. Ngf3 {[%emt 0:00:08]} g5 {[%emt 0:00:53]} 8. Nb3 {[%emt 0:29:04]} h6 {[%emt 0:20:50]} 9. Bc2 {[%emt 0:08:57]} Qc7 {[%emt 0:04:29]} 10. O-O {[%emt 0:01:12]} c4 {[%emt 0:14:45]} 11. Nbd2 {[%emt 0:00:37]} Bg7 {[%emt 0:01:33]} 12. b3 {[%emt 0:04:50]} b5 {[%emt 0:01:32]} 13. a4 {[%emt 0:00:03]} b4 {[%emt 0:01:35]} 14. bxc4 {[%emt 0:00:26]} Ne7 {[%emt 0:15:37]} 15. cxb4 {[%emt 0:03:12]} dxc4 {[%emt 0:01:16]} 16. Qe2 {[%emt 0:00:13]} Nb6 {[%emt 0:07:38]} 17. a5 {[%emt 0:02:34]} Nbd5 {[%emt 0:00:06]} 18. Qxc4 {[%emt 0:09:41]} Qxc4 {[%emt 0:05:59]} 19. Nxc4 {[%emt 0:00:07]} O-O {[%emt 0:00:06]} 20. b5 {[%emt 0:00:39]} Bd7 {[%emt 0:00:17]} 21. Nd6 {[%emt 0:02:15]} Rab8 {[%emt 0:10:28]} 22. Bd3 {[%emt 0:01:25]} Rfd8 {[%emt 0:06:40]} 23. Nd2 {[%emt 0:06:27]} Nc3 {[%emt 0:01:36]} 24. Ba3 {[%emt 0:00:29]} Ned5 {[%emt 0:00:33]} 25. Bc5 {[%emt 0:06:15]} Nxb5 {[%emt 0:01:30]} 26. a6 {[%emt 0:01:11]} Ndc3 {[%emt 0:03:18]} 27. N2e4 {[%emt 0:01:12]} Nxe4 {[%emt 0:00:59]} 28. Bxe4 {[%emt 0:00:11]} f5 29. Bb7 {[%emt 0:00:32]} Bf8 {[%emt 0:01:20]} 30. Rfb1 {[%emt 0:00:41]} Bxd6 {[%emt 0:00:30]} 31. exd6 {[%emt 0:00:02]} 1-0

[Event "Targo Mures Open 2019"]
[Site "Targo Mures"]
[Date "2019.10.19"]
[Round "5.9"]
[White "Illes, Sandor-Ferenc"]
[Black "Titu, Maiorescu-Dorin"]
[Result "0-1"]
[WhiteElo "1905"]
[BlackElo "2147"]
[Annotator "NA"]
[PlyCount "44"]
[EventDate "2019.03.02"]
[EventType "swiss"]
[EventCountry "ROU"]
[SourceTitle "playchess.com"]
[Source "ChessBase"]
[SourceQuality "1"]
[TimeControl "5400+30"]

1. e4 {[%emt 0:00:00]} d5 {[%emt 0:00:00]} 2. exd5 {[%emt 0:00:17]} Nf6 {[%emt 0:00:07]} 3. Nf3 {[%emt 0:00:47]} Nxd5 {[%emt 0:00:09]} 4. d4 {[%emt 0:00:38]} g6 {[%emt 0:00:18]} 5. c4 {[%emt 0:01:03]} Nb6 {[%emt 0:00:13]} 6. Nc3 {[%emt 0:00:41]} Bg7 {[%emt 0:00:12]} 7. c5 {[%emt 0:01:12]} Nd5 {[%emt 0:00:21]} 8. Bc4 {[%emt 0:00:53]} Nxc3 {[%emt 0:00:20]} 9. bxc3 {[%emt 0:00:42]} O-O {[%emt 0:00:12]} 10. O-O {[%emt 0:03:24]} b6 {[%emt 0:00:27]} 11. Ng5 {[%emt 0:17:32]} Bb7 {[%emt 0:11:17]} 12. Re1 {[%emt 0:11:37]} h6 {[%emt 0:23:23]} 13. Nxf7 {[%emt 0:42:20]} Rxf7 {[%emt 0:00:53]} 14. Qb3 {[%emt 0:00:10]} Qf8 {[%emt 0:02:15]} 15. cxb6 {[%emt 0:00:26]} axb6 {[%emt 0:00:35]} 16. Ba3 {[%emt 0:00:46]} Nc6 {[%emt 0:09:21]} 17. Re3 {[%emt 0:01:16]} Bf6 {[%emt 0:18:21]} 18. Rae1 {[%emt 0:02:14]} Re8 {[%emt 0:04:15]} 19. Rf3 {[%emt 0:08:05]} Kg7 {[%emt 0:05:27]} 20. Qb5 {[%emt 0:02:13]} Na7 {[%emt 0:03:05]} 21. Qd7 {[%emt 0:02:13]} Bxf3 {[%emt 0:02:47]} 22. Qxc7 {[%emt 0:00:53]} Rc8 {[%emt 0:01:46]} 0-1